000 00374nam a2200169 a 4500
008 190521s1996|||| d
100 1 _aVacek Jaroslav
260 _bMladá frotna
_c1996
_aPraha
245 1 0 _aO nemocech duše
490 _alimited
020 _a8020405356
_c0
958 _aA
250 _a1.vydanie
300 _a415s.
041 _acze
044 _aCZ
999 _c20695
_d20695